Future of the Bible (Record no. 3064)

MARC details
000 -LEADER
fixed length control field 00593nam a2200241 a 4500
020 ## - INTERNATIONAL STANDARD BOOK NUMBER
ISBN
082 00 - DEWEY DECIMAL CLASSIFICATION NUMBER
Classification number 220.5
Author Cutter BRU
100 ## - MAIN ENTRY--AUTHOR NAME
Author name Bruggen, Jakob Van
245 ## - TITLE STATEMENT
Title Future of the Bible
260 ## - PUBLICATION, DISTRIBUTION, ETC. (IMPRINT)
Place of publication Nashville
Name of publisher Thomas Nelson Publishers
Year of publication 1978
300 ## - PHYSICAL DESCRIPTION
Number of Pages 192p
500 ## - GENERAL NOTE
General note includes index and biblioraphy
505 2# - FORMATTED CONTENTS NOTE
Formatted contents note Index
650 ## - SUBJECT ADDED ENTRY--TOPICAL TERM
Topical Term Bible-Versions-Translations
942 ## - ADDED ENTRY ELEMENTS (KOHA)
Koha item type Books
700 1# -
-- Bruggen, Jakob Van
Holdings
Collection code Home library Current library Date acquired Cost, normal purchase price Full call number Accession Number Koha item type
  Henry Martyn Institute Library Henry Martyn Institute Library 05/05/2008 36.10 220.5 BRU 09107 Books
                   Copyright © 2026 | Henry Martyn Institute | Hyderabad | TS-500052 | INDIA | Implemented by hmi.edu.in
Hit-Count:

Powered by Koha